Dynamics Of Structures : (Record no. 214112)

MARC details
000 -LEADER
fixed length control field 00635nam a22001937a 4500
005 - DATE AND TIME OF LATEST TRANSACTION
control field 20260114123124.0
010 ## - LCCN (DPL NO)
LC control number ENG-147451
020 ## - INTERNATIONAL STANDARD BOOK NUMBER
International Standard Book Number 9789367134658
Terms of availability 1180.00
035 ## - SYSTEM CONTROL NUMBER
System control number EN-130983
037 ## - SOURCE OF ACQUISITION
Source of stock number/acquisition DBAD
082 ## - DEWEY DECIMAL CLASSIFICATION NUMBER
Classification number 024.171
Edition number 6
100 ## - MAIN ENTRY--PERSONAL NAME
Personal name Chopra, Anil K
245 ## - TITLE STATEMENT
Title Dynamics Of Structures :
Remainder of title Theory & Applications To Earthquake Engineering/
Statement of responsibility, etc Anil K Chopra
250 ## - EDITION STATEMENT
Edition statement 6
260 ## - PUBLICATION, DISTRIBUTION, ETC. (IMPRINT)
Place of publication, distribution, etc Noida
Name of publisher, distributor, etc Pearson India Education
Date of publication, distribution, etc 2026
270 ## - ADDRESS
Address 15th Floor, Towe-B, World Trade Tower, Plot No.1, Block-C, Sector-16
City Noida
Postal code 201301
300 ## - PHYSICAL DESCRIPTION
Extent 978p.
Dimensions 23cm(pb)
942 ## - ADDED ENTRY ELEMENTS (KOHA)
Source of classification or shelving scheme Dewey Decimal Classification
Item type English Books
Classification part 027.171
Call number suffix CHO
Holdings
Withdrawn status Lost status Not for loan Collection code Home library Current library Date acquired Source of acquisition Cost, normal purchase price Full call number Barcode Copy number Cost, replacement price Koha item type
      Non-fiction D.B.Act.Division D.B.Act.Division 14/01/2026 Delivery of Books Act Division 1180.00 027.171 CHO EN-130983 1 1180.00 English Books

© Delhi Public Library
Hit Counter
free hit counter